Export controls : national security issues and foreign availability for high performance computer exports : report to congressional committees /

Bibliographic Details
Corporate Author: United States. General Accounting Office
Format: Government Document Book
Language:English
Published: Washington, D.C (P.O. Box 37050 Washington 20013) : The Office, [1998]
Subjects:
Online Access:Adobe Acrobat Reader required

MARC

Tag First Indicator Second Indicator Subfields
LEADER 00000cam a2200000 a 4500
001 in00000006128
008 990823s1998 dcu b f000 0 eng
005 20230331144426.2
010 |a  98203241  
035 |a (OCoLC)ocm39955584 
035 |9 AJK1328AM 
035 |a in00000006128 
037 |a 161113  |b GAO (202) 512-6000 (Voice); (202) 512-6061 (Fax) 
040 |a DLC  |c DLC  |d GAO  |d GPO  |d DLC  |d MvI  |d UtOrBLW 
042 |a pcc 
043 |a n-us--- 
049 |a WWW 
050 0 0 |a HD9696.2.U62  |b U55 1998 
074 |a 0546-D (online) 
086 0 |a GA 1.13:NSIAD-98-200 
088 |a GAO/NSIAD-98-200 
088 |a B-280321 
110 1 |a United States.  |b General Accounting Office. 
245 1 0 |a Export controls :  |b national security issues and foreign availability for high performance computer exports : report to congressional committees /  |c United States General Accounting Office. 
246 3 0 |a National security issues and foreign availability for high performance computer exports 
264 1 |a Washington, D.C (P.O. Box 37050 Washington 20013) :  |b The Office,  |c [1998] 
300 |a 27 pages ;  |c 28 cm. 
336 |a text  |b txt  |2 rdacontent 
337 |a unmediated  |b n  |2 rdamedia 
338 |a volume  |b nc  |2 rdacarrier 
500 |a Cover title. 
500 |a Distributed to depository libraries in microfiche, shipping list number: 99-0717-M. 
500 |a "September 1998"--Cover. 
500 |a Shipping List #: 99-0717-M 
500 |a Shipping List Date: 07/26/99 
504 |a Includes bibliographical references. 
500 |a "GAO/NSIAD-98-200"--Cover. 
500 |a "B-280321"--P. 1. 
530 |a Available via Internet from the GPO Access web site. Address as of 12/18/01: http://frwebgate.access.gpo.gov/cgi-bin/getdoc.cgi?dbname=gao&docid=f:ns98200.pdf; current access is available via PURL. 
650 0 |a Computer industry  |x Government policy  |z United States. 
650 0 |a Computer industry  |x Political aspects  |z United States. 
650 0 |a Export controls  |z United States. 
650 0 |a National security  |z United States. 
856 4 1 |u https://purl.fdlp.gov/GPO/LPS16457  |z Adobe Acrobat Reader required  |t 0 
999 |a MARS 
999 f f |i 4be54adc-75e4-34ea-8c68-31284efaba32  |s 7cd6f346-9a02-362e-928e-87a0e5009a94  |t 0 
952 f f |p normal  |a Texas A&M University  |b College Station  |c Sterling C. Evans Library  |d Evans: US Documents Microfiche (3rd floor)  |t 0  |e GA 1.13:NSIAD-98-200  |h Superintendent of Documents classification  |i unmediated -- volume  |m A14824307358 
952 f f |a Texas A&M University  |b College Station  |c Electronic Resources  |d Available Online  |t 0  |e GA 1.13:NSIAD-98-200  |h Superintendent of Documents classification 
998 f f |a GA 1.13:NSIAD-98-200  |t 0  |l Available Online 
998 f f |a GA 1.13:NSIAD-98-200  |t 0  |l Evans: US Documents Microfiche (3rd floor)